Datum a čas kvízu

30 Celkem bodů Celkový počet nahraných bodů na tomto kvízu bez doplňovacích otázek.
3. Pořadí na kvízu Konečné umístění týmu na tomto kvízu.

Zaznamenané odpovědi

# Otázka Odpověď Body Výsledky
1. Minulé úterý vyjel z Prahy jed... do Rumunska 1
2. Státní návštěva izraelského pr... Ukrajina 0
3. Ze zábavního parku Tazmania v... dvě její ramena připomínala hákové kříže 1
4. Po letech tradice pojmenováván... Android 10 0
5. Na startovní listině španělské... Zdeněk Štybar 0
6. S menšími či většími oslími mů... 2014 Soči 1
7. "Když končí se den a usne má z... Voda živá 1
8. V letech 2006 - 2009, tedy dob... Czech POINT 1
9. Jednou z nejzajímavějších a ne... Svitavy 0
10. František Langer byl český spi... Velbloud, Obrácení 0